Средства моющие синтетические. Методы испытаний; ГОСТ 22567.1-77 Средства моющие синтетические. Метод определения пенообразующей способности; ГОСТ 22567.2-77 Средства моющие синтетические. Метод определения гранулометрического состава; ГОСТ 22567.3-77 Средства моющие синтетические. Метод определения стабильности; ГОСТ 22567.4-77 Средства моющие синтетические. Метод определения насыпной плотности; ГОСТ 22567.8-77 Средства моющие синтетические. Метод определения содержания карбоната и бикарбоната натрия
| Institution som forfatter: | |
|---|---|
| Sprog: | russisk |
| Udgivet: |
Москва, Изд-во стандартов, 1982
|
| Udgivelse: | Изд. офиц. |
| TOC: | ГОСТ 22567.1-77 Средства моющие синтетические. Метод определения пенообразующей способности; ГОСТ 22567.2-77 Средства моющие синтетические. Метод определения гранулометрического состава; ГОСТ 22567.3-77 Средства моющие синтетические. Метод определения стабильности; ГОСТ 22567.4-77 Средства моющие синтетические. Метод определения насыпной плотности; ГОСТ 22567.8-77 Средства моющие синтетические. Метод определения содержания карбоната и бикарбоната натрия; |
| Serier: | Государственные стандарты |
| Fag: | |
| Format: | Bog |
| KOHA link: | https://koha.lib.tpu.ru/cgi-bin/koha/opac-detail.pl?biblionumber=157554 |
MARC
| LEADER | 00000nam0a2200000 4500 | ||
|---|---|---|---|
| 001 | 157554 | ||
| 005 | 20231031153915.0 | ||
| 035 | |a (RuTPU)RU\TPU\book\170896 | ||
| 035 | |a RU\TPU\book\170871 | ||
| 090 | |a 157554 | ||
| 100 | |a 20090409d1982 km y0rusy50 ca | ||
| 101 | 0 | |a rus | |
| 102 | |a RU | ||
| 105 | |a a l 000zy | ||
| 200 | 1 | |a Средства моющие синтетические. Методы испытаний | |
| 205 | |a Изд. офиц. | ||
| 210 | |a Москва |c Изд-во стандартов |d 1982 | ||
| 215 | |a 31 с. |c ил. | ||
| 225 | 1 | |a Государственные стандарты | |
| 464 | |t ГОСТ 22567.1-77 Средства моющие синтетические. Метод определения пенообразующей способности | ||
| 464 | |t ГОСТ 22567.2-77 Средства моющие синтетические. Метод определения гранулометрического состава | ||
| 464 | |t ГОСТ 22567.3-77 Средства моющие синтетические. Метод определения стабильности | ||
| 464 | |t ГОСТ 22567.4-77 Средства моющие синтетические. Метод определения насыпной плотности | ||
| 464 | |t ГОСТ 22567.8-77 Средства моющие синтетические. Метод определения содержания карбоната и бикарбоната натрия | ||
| 610 | 1 | |a стандарты | |
| 610 | 1 | |a ГОСТы | |
| 610 | 1 | |a моющие средства | |
| 610 | 1 | |a синтетические средства | |
| 610 | 1 | |a методы испытания | |
| 610 | 1 | |a методы определения | |
| 610 | 1 | |a содержание | |
| 712 | 0 | 1 | |a СССР |b Государственный комитет по стандартам (Госстандарт) |c (1978-1989) |2 stltpush |3 (RuTPU)RU\TPU\col\12454 |
| 801 | 2 | |a RU |b 63413507 |c 20221208 |g PSBO | |
| 942 | |c BK | ||